000 00527nam a2200205Ia 4500
003 OSt
005 20260603110638.0
008 210210b1999 xxu||||| |||| 00| 0 eng d
040 _cAL
041 _aKannada
082 _a658.022 DESS
100 _aDESAI (Vasant)
_9265093
245 _aSmall scale enterprises: V11 Organisation and management
260 _aBangalore.
_bHimalaya Publishing House
_c1999
300 _a387
440 _a11
_9265094
690 _aManagement
_9265095
906 _a054369
942 _2ddc
_cBK
999 _c102076
_d102076